<?xml version="1.0" encoding="UTF-8"?>
<marc:record xmlns:marc="http://www.loc.gov/MARC21/slim">
   <marc:leader>00000nam a2200000 a 4500</marc:leader>
   <marc:datafield ind1="1" ind2=" " tag="100">
      <marc:subfield code="a">Fornasier, Jochen</marc:subfield>
      <marc:subfield code="4">ctb</marc:subfield>
      <marc:subfield code="e">Mitwirkende/-r</marc:subfield>
   </marc:datafield>
   <marc:datafield ind1="1" ind2=" " tag="100">
      <marc:subfield code="a">Klose, Gerhild</marc:subfield>
      <marc:subfield code="4">edt</marc:subfield>
      <marc:subfield code="e">Bearbeiter/-in</marc:subfield>
   </marc:datafield>
   <marc:datafield ind1=" " ind2=" " tag="653">
      <marc:subfield code="a">Künste</marc:subfield>
   </marc:datafield>
   <marc:datafield ind1=" " ind2=" " tag="653">
      <marc:subfield code="a">Amazone</marc:subfield>
   </marc:datafield>
   <marc:datafield ind1=" " ind2=" " tag="653">
      <marc:subfield code="a">Antike</marc:subfield>
   </marc:datafield>
   <marc:datafield ind1="0" ind2="0" tag="245">
      <marc:subfield code="a">Amazonen</marc:subfield>
   </marc:datafield>
   <marc:datafield ind1="0" ind2="0" tag="245">
      <marc:subfield code="b">Frauen, Kämpferinnen und Städtegründerinnen</marc:subfield>
   </marc:datafield>
   <marc:datafield ind1="0" ind2="0" tag="245">
      <marc:subfield code="c">Jochen Fornasier. [Red.: Gerhild Klose und Annette Nünnerich-Asmus</marc:subfield>
   </marc:datafield>
   <marc:datafield ind1=" " ind2="1" tag="264">
      <marc:subfield code="a">Mainz am Rhein</marc:subfield>
      <marc:subfield code="b">von Zabern</marc:subfield>
      <marc:subfield code="c">2007</marc:subfield>
   </marc:datafield>
   <marc:datafield ind1="1" ind2=" " tag="490">
      <marc:subfield code="a">Antike Welt</marc:subfield>
      <marc:subfield code="v">Sonderbd.</marc:subfield>
   </marc:datafield>
   <marc:datafield ind1="1" ind2=" " tag="520">
      <marc:subfield code="a">Angaben aus der Verlagsmeldung

Amazonen : Frauen, Kämpferinnen und Städtegründerinnen / von Jochen Fornasier

Ein Buch über Frauen, Liebe und Krieg
Ein Bildband zu einem grossen Mythos

Kaum ein anderer Stoff der antiken Mythologie hält uns bis heute so nachhaltig in seinem Bann wie die Legenden über die Amazonen. Sie kämpften vor Troia und drangen bis in das Herz Athens vor; männlichen Kriegern gleichgestellt, brachen sie mit allen gesellschaftlichen Vorstellungen. Als Sinnbild für das Fremde, das Feindliche waren sie Griechen und Römern im Skulpturenschmuck der Tempel, in den Bildern der Vasen oder in den großen literarischen Epen allgegenwärtig. Der vorliegende Band schildert entlang zentraler archäologischer Denkmäler Griechenlands, Kleinasiens und der Länder des Schwarzen Meeres ein farbenprächtiges und widersprüchliches Bild der Amazonen als Verkörperung der Gegenwelt, aber auch als Spiegelbild griechischer Frauen. Am Ende stellt sich dem Leser die Frage: Hat es die Amazonen nicht doch wirklich gegeben?
</marc:subfield>
   </marc:datafield>
   <marc:datafield ind1=" " ind2=" " tag="020">
      <marc:subfield code="a">9783805337847</marc:subfield>
      <marc:subfield code="9">9783805337847</marc:subfield>
   </marc:datafield>
   <marc:datafield ind1=" " ind2=" " tag="020">
      <marc:subfield code="a">3805337841</marc:subfield>
      <marc:subfield code="9">3805337841</marc:subfield>
   </marc:datafield>
   <marc:datafield ind1=" " ind2=" " tag="041">
      <marc:subfield code="a">ger</marc:subfield>
   </marc:datafield>
   <marc:datafield ind1=" " ind2=" " tag="300">
      <marc:subfield code="a">119 S.</marc:subfield>
   </marc:datafield>
</marc:record>
